| Registos Bibliográficos associados ao registo de autoridade |
|
Etiqueta de registo: 00000nam 2200025 450 001 1933889 003 http://id.bnportugal.gov.pt/bib/catbnp/1933889 100 ## $a20160609d2015 m d0pory01030103ba 101 0# $apor 102 ## $aPT 105 ## $aa b 000yy 106 ## $ar 200 1# $a A metamorfose do Guerreiro$fOliveira Tavares$gorg. Câmara Municipal da Amadora - Galeria Municipal Artur Bual - Casa Aprígio Gomes$gdir. Eduardo Nascimento 210 #9 $aAmadora$cCâmara Municipal da Amadora,$d2015 215 ## $a11 p.$cil.$d30 cm 675 ## $a75Tavares, Oliveira(083.82)$vBN$zpor$31649435 675 ## $a75(=1:469)"19/20"(083.82)$vBN$zpor$31252019 675 ## $a061.4$vBN$zpor$3288771 700 #1 $aTavares,$bOliveira,$f1961-$31648626 702 #1 $aNascimento,$bEduardo,$f1954-$4300$3971309 712 01 $aAmadora.$bCâmara Municipal$4340$3724 712 01 $aAmadora.$bGaleria Municipal Artur Bual$4340$3948798 801 #0 $aPT$bBN$gRPC 856 41 $uhttp://rnod.bnportugal.gov.pt/ImagesBN/winlibimg.aspx?skey=&doc=1933889&img=79879&save=true 900 ## $aBIBNAC$d20160801 966 ## $lBN$mFGMON$sB.A. 40545 V.$x1 966 ## $lBN$mFGMON$sB.A. 40545 V.-D$x1
Etiqueta de registo: 00000nam 2200025 450 001 2288954 003 http://id.bnportugal.gov.pt/bib/catbnp/2288954 010 ## $a978-989-53803-0-5 021 ## $aPT$b504719/22 100 ## $a20260626d2022 m y0pory01030103ba 101 0# $apor 102 ## $aPT 105 ## $aa z 000yy 106 ## $ar 200 1# $a Os murmúrios da casa$fJu Andrade$gil. Oliveira Tavares 205 ## $a1ª ed 210 #9 $a[S.l.]$cModocromia,$d2022 215 ## $a51, [1] p.$cil.$d22 cm 700 #1 $aAndrade,$bJu$31377809 702 #1 $aTavares,$bOliveira,$f1961-$4440$31648626 801 #0 $aPT$bBN$gRPC 966 ## $lBN$mFGMON$x1 966 ## $lBN$mFGMON$x1 971 ## $cssilva$d20260626
|
|
|